Saracens Squad 2018/19 - Statistics

General Stats
  • This quiz has been taken 23 times
  • The average score is 26 of 44
Answer Stats
Position Nation Answer % Correct
Full Back/Fly Half England Alex Goode
94%
Hooker England Jamie George
94%
No. 8 England Billy Vunipola
89%
Centre England Brad Barritt
89%
Back Row England Jackson Wray
89%
Full Back/Wing Wales Liam Williams
89%
Prop England Mako Vunipola
89%
Fly Half England Owen Farrell
89%
Centre England Alex Lozowski
83%
Scrum Half England Ben Spencer
83%
Second Row/Back Row England Maro Itoje
83%
Scrum Half England Richard Wigglesworth
83%
Wing/Full Back Scotland Sean Maitland
83%
Second Row England George Kruis
78%
Centre Argentina Marcelo Bosch
78%
Second Row Australia Will Skelton
78%
Prop England Richard Barrington
72%
Back Row South Africa Schalk Burger
72%
Prop South Africa Vincent Koch
72%
Wing England David Strettle
67%
Prop Argentina Juan Figallo
67%
Back Row England Calum Clark
61%
Wing England Alex Lewington
56%
Back Row England Ben Earl
56%
Centre/Wing Scotland Duncan Taylor
56%
Scrum Half England Henry Taylor
56%
Second Row/Back Row England Nick Isiekwe
56%
Second Row/Back Row England/South Africa Michael Rhodes
50%
Centre England Nick Tompkins
50%
Prop USA Titi Lamositele
50%
Hooker France Christopher Tolofua
44%
Fly Half England Max Malins
44%
Second Row Wales Dominic Day
33%
Full Back England Matt Gallagher
33%
Hooker England Scott Spurling
33%
Scrum Half England Tom Whiteley
33%
Back Row Tonga Sione Vailanu
28%
Prop England Hayden Thompson-Stringer
22%
Back Row England Joel Conlon
22%
Wing England Rotimi Segun
22%
Prop England Billy Walker
17%
Hooker England Tom Woolstencroft
17%
Centre Tonga Viliami Hakalo
17%
Centre England Tom Griffiths
11%
No matching quizzes found
Score Distribution
Percent of People with Each Score
Percentile by Number Answered
Your Score History
You have not taken this quiz